UM Logo

Ang aklat likhaan ng dula 1997-2003: (Record no. 2123)

MARC details
000 -LEADER
fixed length control field 00626nam a2200157 4500
008 - FIXED-LENGTH DATA ELEMENTS--GENERAL INFORMATION
fixed length control field 160430b xxu||||| |||| 00| 0 eng d
020 ## - INTERNATIONAL STANDARD BOOK NUMBER
International Standard Book Number 9715425070
082 ## - DEWEY DECIMAL CLASSIFICATION NUMBER
Edition number 2006
Classification number DFil 899.2101
Item number Ak5
245 ## - TITLE STATEMENT
Title Ang aklat likhaan ng dula 1997-2003:
Remainder of title kapangahasan bilang kaligtasan/
Statement of responsibility, etc. Rene O. Villanueva and Victor Emmanuel Carmelo D. Nadera Jr.
260 ## - PUBLICATION, DISTRIBUTION, ETC. (IMPRINT)
Place of publication, distribution, etc. Quezon City:
Name of publisher, distributor, etc. The University of the Philippines Press,
Date of publication, distribution, etc. c2006.
300 ## - PHYSICAL DESCRIPTION
Extent x, 619 pages;
Dimensions 23 cm.
650 #0 - SUBJECT ADDED ENTRY--TOPICAL TERM
9 (RLIN) 6877
Topical term or geographic name as entry element Philippine drama
700 ## - ADDED ENTRY--PERSONAL NAME
9 (RLIN) 6878
Personal name Villanueva, Rene O.
Relator term editor
700 ## - ADDED ENTRY--PERSONAL NAME
9 (RLIN) 6879
Personal name Nadera, Victor Emmanuel Carmelo D. Jr.
Relator term editor
942 ## - ADDED ENTRY ELEMENTS (KOHA)
Source of classification or shelving scheme Dewey Decimal Classification
Koha item type Filipiniana
Holdings
Withdrawn status Lost status Source of classification or shelving scheme Damaged status Not for loan Collection code Home library Current library Date acquired Source of acquisition Total Checkouts Full call number Barcode Date last seen Copy number Price effective from Koha item type
    Dewey Decimal Classification     Filipiniana UM Digos College - LIC UM Digos College - LIC 07/27/2009 Purchased   DFil 899.2101 Ak5 2006 18095 05/15/2025 1 04/30/2016 Filipiniana
    Dewey Decimal Classification     Filipiniana UM Digos College - LIC UM Digos College - LIC 07/27/2009 Purchased   DFil 899.2101 Ak5 2006 18096 05/15/2025 2 04/30/2016 Filipiniana
    Dewey Decimal Classification     Filipiniana UM Digos College - LIC UM Digos College - LIC 07/27/2009 Purchased   DFil 899.2101 Ak5 2006 19500 05/15/2025 3 04/30/2016 Filipiniana
    Dewey Decimal Classification     Filipiniana UM Digos College - LIC UM Digos College - LIC 07/27/2009 Purchased   DFil 899.2101 Ak5 2006 19501 05/15/2025 4 04/30/2016 Filipiniana